000 00288nam a22001337a 4500
008 171016b xxu||||| |||| 00| 0 eng d
020 _a9780077329488
041 _aeng
080 _a33
100 _a52
101 _aECO
245 _aESSENTIALS ECONOMICS
_cBRUE.S.L
942 _2udc
_cBK
999 _c34029
_d34029